| 000 | 01404nam a2200385 i 4500 | ||
|---|---|---|---|
| 003 | OSt | ||
| 008 | 221130s2022 cc a j 000 1 chi d | ||
| 020 |
_a9787513346801 _cRM38.40 _qhardback |
||
| 040 |
_aPPAK _beng _cPPAK _erda |
||
| 041 | 1 |
_achi _heng |
|
| 082 | 0 | 4 |
_223 _a813.54 |
| 090 | 0 | 0 |
_a813.54 _bLIO _dK |
| 100 | 1 |
_6880-01 _aLionni, Leo, _d1910-1999 _eauthor. |
|
| 245 | 1 | 0 |
_6880-02 _aHao mang de yi nian = A busy year / _cLiou li oani zhu ; Ajia yi |
| 246 | 3 | 3 |
_iTranslation of: _aA busy year |
| 250 | _aDi yi ban | ||
| 264 | 1 |
_aBeijing, China : _bNew Star Press, _c2022 |
|
| 300 |
_a24 unnumbered pages : _bcolour illustrations ; _c29 cm x 14 cm. |
||
| 336 |
_atext _2rdacontent |
||
| 337 |
_aunmediated _2rdamedia |
||
| 338 |
_avolume _2rdacarrier |
||
| 490 | 1 | _aLiou Li'aoni zuo pin | |
| 520 | _aMouse twins befriend a tree and watch it grow and change throughout each month of the year. | ||
| 650 | 1 | 0 |
_aEnglish fiction _vTranslation into Chinese |
| 650 | 2 | 0 |
_aTrees _vJuvenile fiction |
| 650 | 2 | 0 |
_aMonths _vJuvenile fiction |
| 650 | 2 | 0 |
_aMice _vJuvenile fiction |
| 655 | 7 | _aBoard books. | |
| 700 | 0 |
_6880-03 _aAjia, _etranslator. |
|
| 830 | 0 | _aLiou Li'aoni zuo pin | |
| 880 | 1 |
_6100-01 _a里奥尼、里奥, _e作者. |
|
| 880 | 1 | 0 |
_6245-02 _a好忙的一年 = A busy year / _c(美)李欧·李奥尼著 , 阿甲译 |
| 880 | 1 | 0 |
_6700-03 _a阿甲, _e在线翻译. |
| 942 |
_2ddc _cB |
||
| 999 |
_c190293 _d190293 |
||